Kríza podniku a spôsoby jej riešenia ako objekt záujmu podnikovej diagnostiky diplomová práca

Salvato in:
Dettagli Bibliografici
Autore principale: Máleková, Kristína
Ente Autore: Ekonomická univerzita v Bratislave. Fakulta podnikového manažmentu
Altri autori: Neumannová, Anna
Natura: Libro
Lingua:slovacco
Pubblicazione: Bratislava 2010
Tags: Aggiungi Tag
Nessun Tag, puoi essere il primo ad aggiungerne!!

MARC

LEADER 00000nam a2200000 4500
001 0122431
005 20240318122454.6
041 0 |a slo 
044 |a SK 
245 1 0 |a Kríza podniku a spôsoby jej riešenia ako objekt záujmu podnikovej diagnostiky  |b diplomová práca  |c Kristína Máleková ; škol. Anna Neumannová 
264 1 |a Bratislava  |c 2010 
300 |a 77 s. 
100 1 |a Máleková, Kristína 
700 1 |a Neumannová, Anna 
710 2 |a Ekonomická univerzita v Bratislave. Fakulta podnikového manažmentu